1699 1244 1861 1857 1921 1342 1606 1149 1652 1104 1719 1823 1237 1989 1618 1043 1581 1704 1347 1226 1483 1732 1333 1588 1373 1874 1202 1837 1668 1036 1338 1602 1369 1360 1866 1984 1154 1438 1596 1472 1718 1061 1042 1359 1724 1996 1476 1981 1903 1561 1927 1116 1258 1568 1580 1824 1386 1216 1784 1138 1971 1569 1732 1292 1890 1402 1396 1898 1073 1510 1505 1950 1219 1320 1741 1510 1593 1158 1628 1960 1302 1335 1881 1353 1698 1606 1196 1095 1721 1418 1875 1172 1007 1793 1781 1153 1113 1781 1721 BCNSPRNW ULIB Ver.6.0+V

เปลี่ยนเป็นภาษาไทย

Change to English
 แสดงรายละเอียดบรรณานุกรม
  กลับหน้าหลัก

Brief Record : Get Marc (ISO 2709) : E-mail record : QR code < ปิดหน้าต่าง
LEADER : 00000nam 2200000uu 4500
001    13399115096
003     ULIB
008    120709s2551||||th 000 0 tha d
020    ^a9789741002368
090    ^aนว.^bจ575 2551
100 0  ^aเจ้าหญิงผู้เลอโฉม
245 00 ^aจอมเวทที่รักพิทักษ์ใจยัยจอมซ่าส์/^cเจ้าหญิงผู้เลอโฉม
250    ^aพิมพ์ครั้งที่ 1
260    ^aกรุงเทพฯ :^bแจ่มใส,^c2551
300    ^a226 หน้า
710 1  ^aแจ่มใส
945    ^p0^l0^i15326
995    ^aกัณชพร
999    ^aใช้งานได้ทุกระบบ
รายการนี้ยังไม่มีแท็ก
คุณยังไม่ได้ล็อกอิน คุณสามารถมีกิจกรรมร่วมกับเว็บไซต์ได้ แต่ต้องล็อกอินก่อน ::
  ล็อกอิน

รายการสื่อสารสนเทศ

ลำดับที่ ประเภท เลขเรียก/บาร์โค้ด สถานที่ สถานะ
1. นวนิยาย
นวนิยาย
นว. จ575 2551  
  Barcode: 15326
ห้องสมุดวิทยาเขตสวรรค์ประชารักษ์
►นวนิยาย
บนชั้น
  ขอยืม

รายการใกล้เคียง
    ผู้แต่ง [เจ้าหญิงผู้เลอโฉม]

BibComment


ยังไม่เคยถูกคอมเมนท์

คอมเมนท์ทรัพยากรรายการนี้
  คอมเมนท์: จอมเวทที่รักพิทั..


 Copyright 2026. Bcnsprnw @Library